000 00282nam a2200133 i 4500
001 bg
245 0 _aStahlbau :
_bprofile.
250 _aAuflage 12.
260 _aDusseldorf,
_c1971.
040 _cBPK
041 _apol
942 _cKS
008 s pl f |000 0 pol
999 _c25604
_d25604
856 _uhttp://koha.tu.koszalin.pl/cgi-bin/koha/opac-detail.pl?biblionumber=25604
_yKatalog online BPK